000 00511nam a2200157Ia 4500
008 210716s1991 xx 000 0 und d
020 _a70686742
041 _aeng
082 _a006.62 WEAL
100 _aWear, Larry L;Pinkert, James R;Wear, Larry C;Lane, William G.
245 _aComputers: an introduction to hardware and software design.
_bIntroduction to hardware and software design.
250 _a1
260 _aNew York
_bMcGraw Hill
_c1991
300 _axxii,602
650 _aComputer Ethics(003.56)
999 _c180901
_d180901